000 00443nam a2200169Ia 4500
005 20250423101655.0
008 250422s9999 xx 000 0 und d
020 _a9780945774105
050 _aPG 5038 .C3/
100 _aCapek, Karel
245 0 _aWar with the newts / by karel capek: a new translation from the czech by Ewald Osers
260 _aNew Jork
260 _bCatbird Press
260 _c1999
300 _a241 p
942 _cBK
999 _c36944
_d36944